• 首页
  • 本馆介绍
  • 公告通知
  • 最新文献
  • 馆藏检索
  • 电子资源
  • 读者导购
  • 参考咨询
  • 我的图书馆
  • 登录
  • 详细信息显示
  • 放入我的书架
  • 预约/预借图书
  • 作者相关作品
  • 分类相关作品
  • 丛书相关作品
  • 出版社相关作品

书目信息

  • 表格格式
  • 工作单格式
  • 卡片格式
题名:
离线·共生
    
 
作者: 李婷 主编
分册:  
出版信息: 北京   电子工业出版社  2021.4
页数: 179页
开本: 24cm
丛书名:
单 册:
中图分类: Q143
科图分类:
主题词: 共生--普及读物
电子资源:
ISBN: 978-7-121-40286-9
000 00795nam0 2200265 45
001 012001001020
005 20140912142307.0
010    @a978-7-121-40286-9@dCNY68.00
100    @a20210412d2021 em y0chiy50 ea
101 0  @achi
102    @aCN@b110000
105    @aa z 000yy
106    @ar
200 1  @a离线·共生@Ali xian·gong sheng@dSymbiosis@f李婷主编@zeng
210    @a北京@c电子工业出版社@d2021.4
215    @a179页@c图,照片@d24cm
300    @a离线 No.005
300    @a并列题名:Symbiosis
330    @a本书设“专题”“遗产”“工具”“缓读”“写作”版块,从微生物的角度出发,解剖共生系统。
510 1  @aSymbiosis@zeng
606 0  @a共生@j普及读物
690    @aQ143@v5
701  0 @a李婷@Ali ting@4主编
801  0 @aCN@bBJSDL@c20211011
905    @b1332727-30@dQ143@e312@f4
    
    离线·共生=Symbiosis/李婷主编.-北京:电子工业出版社,2021.4
    179页:图,照片;24cm
    离线 No.005.-并列题名:Symbiosis
    
    ISBN 978-7-121-40286-9:CNY68.00
    本书设“专题”“遗产”“工具”“缓读”“写作”版块,从微生物的角度出发,解剖共生系统。
●
相关链接 在E读中查询图书 在五车中查询图书 在当当中查询图书 在豆瓣中查询图书


正题名:离线·共生     索取号:Q143/312         预约/预借

序号 登录号 条形码 馆藏地/架位号 状态 备注
1 1332727   213327274   第二样本阅览室/ [索取号:Q143/312] 在馆    
2 1332728   213327283   第三借阅区/ [索取号:Q143/312] 在馆    
3 1332729   213327292   第三借阅区/ [索取号:Q143/312] 在馆    
4 1332730   213327309   第三借阅区/ [索取号:Q143/312] 在馆    
唐山师范学院图书馆 欢迎您!
大连网信软件有限公司© 版权所有